000 00845nam a2200277Ia 4500
003 OSt
005 20220925230643.0
006 a|||||r|||| 00| 0
007 ta
008 220923b |||||||| |||| 00| 0 eng d
020 _a1 85649 451 9
037 _cGeneral Book
040 _aRTL
_cRTL
_beng
041 _2eng
_aeng
082 _aY:5:5(Y), N7
100 _aHardon Anita
_9294075
245 0 _aReproductive rights in practice
_b A feminist report on quality of care
260 _aLondon
_bZed Books
_c1997
300 _axiii,235p
_ccm.
490 _aWomen's Health Action Foundation Publication
500 _aBibliography: p 223-228
650 _aDemography
700 _a Hayes Elizabeth Ed.
_9294076
942 _hY:5:5(Y), N7
_cGB
_2CC
999 _c586271
_d586271